000 00306nam a22001337a 4500
008 180927b xxu||||| |||| 00| 0 eng d
020 _a9780072817324
041 _aeng
080 _a338
100 _a53
101 _aMNG
245 _aFundamentals of Investment Management
_cHirt, G.A
942 _2udc
_cBK
999 _c48591
_d48591